[Event "Online Olym Div3 B"]
[Site "Chess.com INT"]
[Date "2020.08.08"]
[Round "4.3"]
[White "Ammar, Sedrani"]
[Black "Wang, Ting Hao"]
[Result "1-0"]
[WhiteElo "2274"]
[BlackElo "1737"]
[PlyCount "55"]
[EventDate "2020.08.07"]
[EventType "team-tourn (rapid)"]
[EventRounds "9"]
[EventCountry "USA"]
[SourceTitle "CBM 198"]
[Source "ChessBase"]
[SourceDate "2020.10.31"]
[SourceVersion "1"]
[SourceVersionDate "2020.10.31"]
[SourceQuality "1"]
[WhiteTeam "United Arab Emirates"]
[BlackTeam "Taiwan"]
[WhiteTeamCountry "UAE"]
[BlackTeamCountry "TPE"]

1. d4 Nf6 2. Bg5 Ne4 3. Bf4 d5 4. Nd2 Nxd2 5. Qxd2 e6 6. e3 c5 7. c3 Nc6 8. Nf3 Bd6 9. Bg3 c4 10. b3 b5 11. a4 Na5 12. bxc4 Bxg3 13. hxg3 Nb3 14. Qb2 Nxa1 15. cxb5 Qa5 16. Qxa1 a6 17. Qb2 Qxa4 18. Bd3 Kf8 19. b6 Rb8 20. 0-0 Qa5 21. Rb1 f6 22. e4 Bd7 23. exd5 exd5 24. c4 dxc4 25. Bxc4 Bb5 26. Ra1 Qxb6 27. Qb4+ Ke8 28. Re1+ 1-0

[Event "Online Olym Div3 B"]
[Site "Chess.com INT"]
[Date "2020.08.07"]
[Round "3.4"]
[White "Wang, Ting Hao"]
[Black "Ilkhomi, Jaloliddin"]
[Result "1/2-1/2"]
[WhiteElo "1737"]
[BlackElo "1875"]
[PlyCount "125"]
[EventDate "2020.08.07"]
[EventType "team-tourn (rapid)"]
[EventRounds "9"]
[EventCountry "USA"]
[SourceTitle "CBM 198"]
[Source "ChessBase"]
[SourceDate "2020.10.31"]
[SourceVersion "1"]
[SourceVersionDate "2020.10.31"]
[SourceQuality "1"]
[WhiteTeam "Taiwan"]
[BlackTeam "Tajikistan"]
[WhiteTeamCountry "TPE"]
[BlackTeamCountry "TJK"]

1. c4 e6 2. Nc3 Nf6 3. e4 d6 4. d4 Be7 5. g3 0-0 6. Bg2 e5 7. Nge2 exd4 8. Nxd4 Nc6 9. 0-0 Be6 10. Nxc6 bxc6 11. b3 Rb8 12. Be3 Qc8 13. Bxa7 Ra8 14. Be3 Bh3 15. Re1 Bxg2 16. Kxg2 Rd8 17. Qf3 Nd7 18. Bd4 c5 19. Nd5 Bf8 20. Bc3 c6 21. Ne3 Ne5 22. Bxe5 dxe5 23. Red1 Rd7 24. Rxd7 Qxd7 25. Rd1 Qb7 26. Rd2 Qc7 27. Qd1 Qa5 28. a4 Rb8 29. Rd3 Qb4 30. f4 Qa3 31. f5 Qb2+ 32. Qc2 Qa1 33. Nd1 Be7 34. Qb2 Qxb2+ 35. Nxb2 Bg5 36. h4 Bc1 37. Nd1 h5 38. Kf3 g5 39. Ne3 g4+ 40. Ke2 Bxe3 41. Kxe3 f6 42. Kd2 Kf8 43. Kc3 Ke7 44. Rd2 Ra8 45. Kb2 Ra7 46. Ka3 Rb7 47. Kb2 Ra7 48. Kc3 Ra8 49. Rd1 Ra7 50. Ra1 Kd6 51. a5 Ra8 52. a6 Kc7 53. a7 Kb7 54. b4 Rxa7 55. Rxa7+ Kxa7 56. bxc5 Kb7 57. Kb3 Ka7 58. Ka4 Kb7 59. Kb4 Ka7 60. Ka4 Ka6 61. Kb4 Kb7 62. Ka5 Ka7 63. Ka4 1/2-1/2

[Event "Online Olym Div4 A"]
[Site "Chess.com INT"]
[Date "2020.08.02"]
[Round "7.2"]
[White "Wang, Ting Hao"]
[Black "Mcligeyo, Robert Oluka"]
[Result "1-0"]
[WhiteElo "1737"]
[BlackElo "1688"]
[PlyCount "69"]
[EventDate "2020.07.31"]
[EventType "team-tourn (rapid)"]
[EventRounds "9"]
[EventCountry "USA"]
[SourceTitle "CBM 198"]
[Source "ChessBase"]
[SourceDate "2020.10.31"]
[SourceVersion "1"]
[SourceVersionDate "2020.10.31"]
[SourceQuality "1"]
[WhiteTeam "Taiwan"]
[BlackTeam "Kenya"]
[WhiteTeamCountry "TPE"]
[BlackTeamCountry "KEN"]

1. e4 c6 2. Nf3 d5 3. exd5 cxd5 4. Ne5 Nf6 5. d4 Nc6 6. Bb5 Qc7 7. Bf4 Qb6 8. c4 e6 9. Nc3 Bb4 10. 0-0 0-0 11. c5 Qa5 12. Nxc6 bxc6 13. Bxc6 Ba6 14. Bxa8 Bxf1 15. Kxf1 Rxa8 16. Ne2 Qb5 17. a3 Ba5 18. b4 Bd8 19. Kg1 a5 20. Rb1 axb4 21. axb4 Ne4 22. f3 Nf6 23. Nc1 Ne8 24. Qd3 Qa4 25. b5 Bf6 26. Ne2 Qa7 27. b6 Qb7 28. Qb5 Rc8 29. Ra1 Ra8 30. Rxa8 Qxa8 31. b7 Qa1+ 32. Kf2 Bxd4+ 33. Nxd4 Qxd4+ 34. Be3 Qh4+ 35. Ke2 1-0

[Event "Belt and Road Hunan op-C"]
[Site "Changsha"]
[Date "2019.07.31"]
[Round "4"]
[White "Xing, Haiquan"]
[Black "Wang, Ting Hao"]
[Result "0-1"]
[WhiteElo "1584"]
[BlackElo "1774"]
[PlyCount "68"]
[EventDate "2019.07.29"]
[EventType "swiss"]
[EventRounds "9"]
[EventCountry "CHN"]
[SourceTitle "EXT 2020"]
[Source "ChessBase"]
[SourceDate "2019.10.17"]
[SourceVersion "1"]
[SourceVersionDate "2019.10.17"]
[SourceQuality "1"]

1. e4 c5 2. Nf3 g6 3. c3 Bg7 4. d4 cxd4 5. cxd4 d5 6. e5 Bg4 7. h3 Bxf3 8. Qxf3 Nc6 9. Bb5 e6 10. 0-0 Nge7 11. Bxc6+ Nxc6 12. Rd1 Qb6 13. Qc3 0-0 14. a3 Rac8 15. Qd3 Qxd4 16. Qf1 Qxe5 17. Nc3 Na5 18. f4 Qc7 19. Qf3 Bxc3 20. bxc3 Nb3 21. Rb1 Nxc1 22. Rdxc1 Qc5+ 23. Kh2 Qxa3 24. f5 Qd6+ 25. Kh1 b6 26. f6 Rfe8 27. Rf1 e5 28. Rbd1 e4 29. Qe3 Re6 30. Qg5 Qe5 31. Qh4 Rcc6 32. c4 Rxf6 33. cxd5 Rxf1+ 34. Rxf1 Qxd5 0-1

[Event "Asian Amateur-ch"]
[Site "Zhengzhou"]
[Date "2019.01.04"]
[Round "8"]
[White "Lin, Peisen"]
[Black "Wang, Ting Hao"]
[Result "1-0"]
[WhiteElo "2018"]
[BlackElo "1807"]
[PlyCount "87"]
[EventDate "2018.12.31"]
[EventType "swiss"]
[EventRounds "9"]
[EventCountry "CHN"]
[SourceTitle "CBM 188 Extra"]
[Source "ChessBase"]
[SourceDate "2019.02.26"]
[SourceVersion "1"]
[SourceVersionDate "2019.02.26"]
[SourceQuality "1"]

1. e4 c5 2. Nf3 d6 3. d4 cxd4 4. Nxd4 Nf6 5. Nc3 a6 6. Be3 Ng4 7. Bc1 Nf6 8. f3 e5 9. Nb3 h5 10. Be3 Be7 11. Qd2 Be6 12. Nd5 Nxd5 13. exd5 Bf5 14. c4 b6 15. Be2 Bh4+ 16. g3 Be7 17. 0-0 Nd7 18. Rac1 g5 19. Na1 a5 20. Nc2 Bh3 21. Rfe1 f5 22. b4 f4 23. Bf2 g4 24. gxf4 Rg8 25. Kh1 Bh4 26. Bf1 Bxf1 27. Rxf1 axb4 28. Nxb4 Ra3 29. Nc6 Qf6 30. Bxh4 Qxh4 31. fxe5 g3 32. Rg1 Rxf3 33. exd6 Rf2 34. Qe3+ Kf7 35. Qe6+ Kf8 36. Qe7+ Qxe7 37. dxe7+ Kf7 38. Rxg3 Rxg3 39. hxg3 Rxa2 40. Rf1+ Ke8 41. Rf5 Re2 42. Rxh5 Re4 43. Rh8+ Kf7 44. Kg2 1-0

[Event "Eastern Asia-ch U18 3rd"]
[Site "Shanghai"]
[Date "2018.08.08"]
[Round "8"]
[White "Wang, Ting Hao"]
[Black "Chen, Qi B"]
[Result "0-1"]
[WhiteElo "1803"]
[BlackElo "2415"]
[PlyCount "76"]
[EventDate "2018.08.02"]
[EventType "swiss"]
[EventRounds "9"]
[EventCountry "CHN"]
[SourceTitle "EXT 2019"]
[Source "ChessBase"]
[SourceDate "2018.10.10"]
[SourceVersion "1"]
[SourceVersionDate "2018.10.10"]
[SourceQuality "1"]

1. e4 c5 2. Nf3 d6 3. Bb5+ Nd7 4. c4 Ngf6 5. Nc3 g6 6. d4 cxd4 7. Nxd4 Bg7 8. Be3 0-0 9. Bxd7 Bxd7 10. f3 Rc8 11. b3 a6 12. Rc1 b5 13. cxb5 axb5 14. b4 Rc4 15. Qb3 Qb8 16. 0-0 Rfc8 17. Nde2 Be6 18. Qa3 d5 19. exd5 Nxd5 20. Nxd5 Bxd5 21. Rxc4 Bxc4 22. Re1 Qa8 23. Qxa8 Rxa8 24. Bc5 Rxa2 25. Ng3 e6 26. Rd1 Bd5 27. Ne4 Ra1 28. Rxa1 Bxa1 29. Nd6 Bc6 30. Kf2 Kg7 31. Ke3 e5 32. f4 exf4+ 33. Kxf4 Kf6 34. g3 Be5+ 35. Ke3 Ke6 36. Ne4 Bxe4 37. Kxe4 f5+ 38. Kf3 Bd6 0-1

[Event "Asia Cities-ch 20th"]
[Site "Bhubaneswar"]
[Date "2017.08.27"]
[Round "2.6"]
[White "Rabindra, Kumar Ojha"]
[Black "Wang, Ting Hao"]
[Result "1/2-1/2"]
[WhiteElo "1795"]
[BlackElo "1746"]
[PlyCount "137"]
[EventDate "2017.08.26"]
[EventType "team-swiss"]
[EventRounds "9"]
[EventCountry "IND"]
[SourceTitle "CBM 180 Extra"]
[Source "ChessBase"]
[SourceDate "2017.10.06"]
[SourceVersion "1"]
[SourceVersionDate "2017.10.06"]
[SourceQuality "1"]
[WhiteTeam "Cuttack"]
[BlackTeam "Chinese Taipei"]
[WhiteTeamCountry "IND"]
[BlackTeamCountry "TPE"]

1. d4 Nf6 2. Bf4 g6 3. Nc3 Bg7 4. Qd2 d6 5. e4 a6 6. a4 b6 7. Bh6 0-0 8. h4 e5 9. d5 Bxh6 10. Qxh6 Ng4 11. Qd2 f5 12. f3 Nf6 13. exf5 gxf5 14. 0-0-0 Kh8 15. Nh3 Qe8 16. Nf2 b5 17. a5 Bb7 18. g4 b4 19. Nb1 Nxd5 20. gxf5 Qh5 21. Ne4 Qxf5 22. Bc4 Nf4 23. Qxb4 Bxe4 24. fxe4 Qxe4 25. Rde1 Qf5 26. Qb7 Nd7 27. Qc6 Nf6 28. Nc3 Rfd8 29. Reg1 Qd7 30. Qf3 c6 31. Rg5 Qc7 32. Rf5 Rf8 33. Rg1 Rab8 34. Bb3 Qxa5 35. Kb1 Qc7 36. h5 h6 37. Rg6 Nxg6 38. hxg6 Kg7 39. Bf7 Qb6 40. b3 Qg1+ 41. Kb2 Ng8 42. Ne2 Qc5 43. Ng3 Qd4+ 44. c3 Qd2+ 45. Kb1 h5 46. Nxh5+ Kh6 47. Ng3 Kg7 48. Nh5+ Kh6 49. Nf4 Rxb3+ 50. Bxb3 Rxf5 51. Qh3+ Kg5 52. Qg3+ Kf6 53. Qh4+ Rg5 54. Ne6 Qd3+ 55. Bc2 Qf1+ 56. Kb2 Kxe6 57. Qxg5 Qf6 58. Qg4+ Ke7 59. Qc8 Qe6 60. Qxc6 Kf6 61. Bb3 d5 62. Qa8 Ne7 63. Qh8+ Kxg6 64. Bd1 e4 65. Bh5+ Kg5 66. Be2 e3 67. Qh5+ Kf6 68. Qh8+ Kf5 69. Qh3+ 1/2-1/2

[Event "CHN-chT qual"]
[Site "Jiaxing"]
[Date "2017.07.03"]
[Round "8"]
[White "Wang, Ting Hao"]
[Black "Yang, Bokai"]
[Result "1/2-1/2"]
[WhiteElo "1723"]
[BlackElo "1686"]
[PlyCount "56"]
[EventDate "2017.06.29"]
[EventType "swiss"]
[EventRounds "9"]
[EventCountry "CHN"]
[SourceTitle "EXT 2018"]
[Source "ChessBase"]
[SourceDate "2017.10.13"]
[SourceVersion "1"]
[SourceVersionDate "2017.10.13"]
[SourceQuality "1"]

1. e4 c5 2. Nf3 d6 3. Bb5+ Bd7 4. Bxd7+ Qxd7 5. 0-0 Nf6 6. Re1 e6 7. c3 Be7 8. d4 0-0 9. Bg5 cxd4 10. Nxd4 d5 11. e5 Ne4 12. Bxe7 Qxe7 13. Nd2 Nxd2 14. Qxd2 Nc6 15. Re3 Nxd4 16. cxd4 Qg5 17. Rc1 Rac8 18. Qd1 Qg4 19. Rd3 Qxd1+ 20. Rdxd1 Rfd8 21. Kf1 Kf8 22. Ke2 Ke7 23. b3 Kd7 24. Kd2 b6 25. Re1 Rxc1 26. Rxc1 Rc8 27. Rxc8 Kxc8 28. Kc3 Kd7 1/2-1/2

[Event "CHN-chT qual"]
[Site "Jiaxing"]
[Date "2017.07.03"]
[Round "9"]
[White "Wang, Zhai"]
[Black "Wang, Ting Hao"]
[Result "0-1"]
[WhiteElo "1396"]
[BlackElo "1723"]
[PlyCount "73"]
[EventDate "2017.06.29"]
[EventType "swiss"]
[EventRounds "9"]
[EventCountry "CHN"]
[SourceTitle "EXT 2018"]
[Source "ChessBase"]
[SourceDate "2017.10.13"]
[SourceVersion "1"]
[SourceVersionDate "2017.10.13"]
[SourceQuality "1"]

1. e4 c5 2. Nf3 g6 3. c3 Bg7 4. d4 cxd4 5. cxd4 d5 6. e5 Bg4 7. h3 Bxf3 8. Qxf3 Nc6 9. Bb5 Nh6 10. Nc3 0-0 11. Be3 Nf5 12. Bxc6 bxc6 13. 0-0 c5 14. Rfd1 cxd4 15. Nxd5 dxe3 16. Nf6+ exf6 17. Rxd8 Rfxd8 18. g4 Nd4 19. Qe4 e2 20. f4 fxe5 21. fxe5 Bxe5 22. Qxe5 Nf3+ 23. Kf2 Nxe5 24. Kxe2 Re8 25. Kd2 Nf3+ 26. Kd3 Rad8+ 27. Kc3 Re1 28. Rxe1 Nxe1 29. a3 f5 30. a4 f4 31. h4 f3 32. h5 f2 33. hxg6 f1Q 34. gxh7+ Kxh7 35. Kb3 Rb8+ 36. Ka2 Qe2 37. g5 0-1

[Event "CHN-chT qual"]
[Site "Jiaxing"]
[Date "2017.07.02"]
[Round "6"]
[White "Wang, Ting Hao"]
[Black "Wu, Wenda"]
[Result "0-1"]
[WhiteElo "1723"]
[BlackElo "1829"]
[PlyCount "62"]
[EventDate "2017.06.29"]
[EventType "swiss"]
[EventRounds "9"]
[EventCountry "CHN"]
[SourceTitle "EXT 2018"]
[Source "ChessBase"]
[SourceDate "2017.10.13"]
[SourceVersion "1"]
[SourceVersionDate "2017.10.13"]
[SourceQuality "1"]

1. e4 c5 2. Nf3 d6 3. Bb5+ Bd7 4. Bxd7+ Qxd7 5. 0-0 Nf6 6. Re1 Nc6 7. c3 e6 8. d4 cxd4 9. cxd4 d5 10. e5 Ne4 11. Nbd2 Nxd2 12. Bxd2 Bb4 13. Rc1 0-0 14. Bxb4 Nxb4 15. a3 Nc6 16. Qa4 Rfc8 17. Rc3 Nxe5 18. Rxc8+ Rxc8 19. Qxa7 Nxf3+ 20. gxf3 h6 21. Qa5 Rc2 22. Qb4 Qc7 23. Re3 Rc1+ 24. Re1 Rc4 25. Qd2 Rc2 26. Qb4 Qf4 27. Qxb7 Qxd4 28. Qb8+ Kh7 29. Rf1 Rxb2 30. Qf8 Qf4 31. Kg2 Rb3 0-1

[Event "CHN-chT qual"]
[Site "Jiaxing"]
[Date "2017.07.01"]
[Round "5"]
[White "Peng, Hongchi"]
[Black "Wang, Ting Hao"]
[Result "1-0"]
[WhiteElo "2207"]
[BlackElo "1723"]
[PlyCount "49"]
[EventDate "2017.06.29"]
[EventType "swiss"]
[EventRounds "9"]
[EventCountry "CHN"]
[SourceTitle "EXT 2018"]
[Source "ChessBase"]
[SourceDate "2017.10.13"]
[SourceVersion "1"]
[SourceVersionDate "2017.10.13"]
[SourceQuality "1"]

1. e4 d6 2. Nf3 e5 3. Bc4 Nc6 4. d4 exd4 5. Nxd4 g6 6. 0-0 Bg7 7. Be3 Nge7 8. Nc3 0-0 9. f4 Kh8 10. f5 gxf5 11. exf5 Bxd4 12. Bxd4+ Nxd4 13. Qxd4+ f6 14. Be6 Nc6 15. Qh4 Ne5 16. Nd5 c6 17. Nf4 Qe7 18. Rae1 Qe8 19. Qh6 Bxe6 20. fxe6 Rc8 21. Nh5 Qg6 22. Qxg6 hxg6 23. Nxf6 Rc7 24. Ne4 Rxf1+ 25. Kxf1 1-0

[Event "CHN-chT qual"]
[Site "Jiaxing"]
[Date "2017.06.30"]
[Round "3"]
[White "Wang, Ting Hao"]
[Black "Jiang, Qinyu"]
[Result "1/2-1/2"]
[WhiteElo "1723"]
[BlackElo "1845"]
[PlyCount "79"]
[EventDate "2017.06.29"]
[EventType "swiss"]
[EventRounds "9"]
[EventCountry "CHN"]
[SourceTitle "EXT 2018"]
[Source "ChessBase"]
[SourceDate "2017.10.13"]
[SourceVersion "1"]
[SourceVersionDate "2017.10.13"]
[SourceQuality "1"]

1. e4 e5 2. Nf3 Nc6 3. d4 exd4 4. Nxd4 Bc5 5. Nb3 Bb6 6. Nc3 Nf6 7. Qe2 d6 8. f3 h6 9. Be3 0-0 10. 0-0-0 Re8 11. g4 Ne5 12. h3 Be6 13. Bf4 Nfd7 14. Bd2 Nc6 15. Qe1 d5 16. Qg3 dxe4 17. Nxe4 a5 18. Bc3 a4 19. Nd4 Nxd4 20. Bxd4 Qe7 21. a3 Bxd4 22. Rxd4 Nc5 23. Bc4 Bxc4 24. Rxc4 Nxe4 25. Rxe4 Qg5+ 26. Kb1 Rxe4 27. fxe4 Qe7 28. Rd1 c6 29. Qf3 Re8 30. Re1 Qe5 31. Qd3 Re6 32. Qd8+ Kh7 33. Qd7 Rf6 34. Qd3 b5 35. Rf1 Rd6 36. Qf3 f6 37. Qf5+ Qxf5 38. exf5 Rd2 39. Rf3 c5 40. b3 1/2-1/2

[Event "CHN Team"]
[Site "Beijing"]
[Date "2017.06.10"]
[Round "5.6"]
[White "Wang, Ting Hao"]
[Black "Zuo, Yifan"]
[Result "1/2-1/2"]
[WhiteElo "1723"]
[BlackElo "2139"]
[PlyCount "87"]
[EventDate "2017.06.06"]
[EventType "team-swiss"]
[EventRounds "9"]
[EventCountry "CHN"]
[SourceTitle "CBM 178 Extra"]
[Source "ChessBase"]
[SourceDate "2017.06.22"]
[SourceVersion "1"]
[SourceVersionDate "2017.06.22"]
[SourceQuality "1"]
[WhiteTeam "Ningbo Baixue Qiyuan"]
[BlackTeam "Shenzhen"]
[WhiteTeamCountry "CHN"]
[BlackTeamCountry "CHN"]

1. e4 c5 2. Nf3 Nc6 3. d4 cxd4 4. Nxd4 g6 5. c4 Nf6 6. Nc3 d6 7. Be2 Nxd4 8. Qxd4 Bg7 9. Be3 0-0 10. Qd2 Be6 11. Rc1 Qa5 12. f3 Rfc8 13. b3 a6 14. Na4 Qxd2+ 15. Kxd2 Nd7 16. g4 f5 17. gxf5 gxf5 18. Rhg1 Kh8 19. Nc3 b5 20. Nd5 Bxd5 21. cxd5 b4 22. exf5 Bc3+ 23. Kd3 a5 24. Bd4+ Bxd4 25. Kxd4 Nc5 26. Bb5 Rf8 27. Rg5 Rf7 28. Rxc5 dxc5+ 29. Kxc5 Rf6 30. Bd7 Rh6 31. Rg2 Rd6 32. Bc6 Rf8 33. Re2 Rxf5 34. Rxe7 Rdf6 35. Ra7 Rxf3 36. Rxa5 Rf2 37. h3 R2f3 38. Bd7 R6f4 39. Be6 Kg7 40. Ra4 Rc3+ 41. Kb5 Rc7 42. Kb6 Rc3 43. Kb5 Rc7 44. Kb6 1/2-1/2

[Event "Asian Continental op 16th"]
[Site "Chengdu"]
[Date "2017.05.20"]
[Round "9"]
[White "Wang, Ting Hao"]
[Black "Nguyen, Huynh Minh Huy"]
[Result "0-1"]
[WhiteElo "1652"]
[BlackElo "2406"]
[PlyCount "128"]
[EventDate "2017.05.12"]
[EventType "swiss"]
[EventRounds "9"]
[EventCountry "CHN"]
[SourceTitle "EXT 2018"]
[Source "ChessBase"]
[SourceDate "2017.10.13"]
[SourceVersion "1"]
[SourceVersionDate "2017.10.13"]
[SourceQuality "1"]

1. e4 c5 2. Nf3 d6 3. Bb5+ Nd7 4. d4 cxd4 5. Qxd4 a6 6. Bxd7+ Bxd7 7. c4 e5 8. Qd3 h6 9. Nc3 Nf6 10. 0-0 Be7 11. Ne1 b5 12. Nc2 0-0 13. Ne3 Re8 14. Bd2 Qb8 15. cxb5 axb5 16. Ncd5 Nxd5 17. Nxd5 Be6 18. Nxe7+ Rxe7 19. Qg3 Kh7 20. a3 Qb7 21. Bb4 Rd7 22. Rfd1 Qxe4 23. Rxd6 Rxd6 24. Bxd6 f6 25. h3 Rc8 26. Bb4 Rc2 27. Bc3 Re2 28. Rd1 Bf5 29. Qf3 Qc2 30. Re1 Rxe1+ 31. Bxe1 Be4 32. Qe3 Qc6 33. f3 Bb1 34. Bc3 h5 35. h4 e4 36. f4 Qd7 37. Kh2 Bd3 38. Qh3 Qd5 39. Qe3 Qf5 40. Be1 Kg8 41. Bc3 Kf7 42. Qa7+ Kg6 43. Qe3 Qd5 44. Qg3+ Kf7 45. Qe3 Qd6 46. Kg1 Qd7 47. Kh2 Qg4 48. Qg3 Qe6 49. Qe3 Bc4 50. Bb4 Qc6 51. Qc5 Qe6 52. Qxh5+ Kg8 53. Qd1 e3 54. Qe1 Qe4 55. Qg3 Bd5 56. Bc5 e2 57. Bb4 Kf7 58. Bc3 g6 59. Kg1 Qb1+ 60. Kh2 Qf1 61. h5 gxh5 62. Be1 Bxg2 63. Qxg2 Qxe1 64. Qd5+ Kg7 0-1

[Event "Asian Continental op 16th"]
[Site "Chengdu"]
[Date "2017.05.19"]
[Round "8"]
[White "Winkelman, Albert"]
[Black "Wang, Ting Hao"]
[Result "1-0"]
[WhiteElo "2029"]
[BlackElo "1652"]
[PlyCount "115"]
[EventDate "2017.05.12"]
[EventType "swiss"]
[EventRounds "9"]
[EventCountry "CHN"]
[SourceTitle "CBM 178 Extra"]
[Source "ChessBase"]
[SourceDate "2017.06.22"]
[SourceVersion "1"]
[SourceVersionDate "2017.06.22"]
[SourceQuality "1"]

1. d4 Nf6 2. c4 e6 3. Nc3 Bb4 4. Nf3 b6 5. Qc2 Bb7 6. a3 Bxc3+ 7. Qxc3 Ne4 8. Qc2 0-0 9. e3 f5 10. Be2 d6 11. 0-0 Nd7 12. b4 Ng5 13. Nxg5 Qxg5 14. f3 Rf6 15. c5 bxc5 16. bxc5 dxc5 17. dxc5 Bc6 18. Rb1 a6 19. Rf2 Rff8 20. Bd2 Qe7 21. Rff1 Rfd8 22. Ba5 Nf6 23. Qc3 Nd5 24. Qe5 Qxc5 25. Bxc7 Qxe3+ 26. Qxe3 Nxe3 27. Bxd8 Rxd8 28. Rfc1 Rd2 29. Kf2 Nc2 30. Rd1 Rxd1 31. Rxd1 Nxa3 32. Rd6 Bd5 33. Rxa6 Nc4 34. Ra4 Nd6 35. Ra7 h6 36. Ke3 Kh7 37. Rd7 Ne8 38. Kf4 Nf6 39. Re7 Kg6 40. Ke5 Ng8 41. Rc7 Nf6 42. Ba6 Nh7 43. h4 Nf8 44. Bc8 h5 45. Bb7 Bb3 46. g3 Kh6 47. f4 Nh7 48. Bc8 Nf6 49. Rc3 Ng4+ 50. Kd6 Bd5 51. Bxe6 Bxe6 52. Kxe6 Kg6 53. Rc5 Ne3 54. Re5 Nc2 55. Kd5 Nb4+ 56. Kc4 Nc2 57. Kc3 Na3 58. Ra5 1-0

[Event "Asian Continental op 16th"]
[Site "Chengdu"]
[Date "2017.05.18"]
[Round "7"]
[White "Wang, Ting Hao"]
[Black "Odeev, Handszar"]
[Result "0-1"]
[WhiteElo "1652"]
[BlackElo "2417"]
[PlyCount "92"]
[EventDate "2017.05.12"]
[EventType "swiss"]
[EventRounds "9"]
[EventCountry "CHN"]
[SourceTitle "CBM 178 Extra"]
[Source "ChessBase"]
[SourceDate "2017.06.22"]
[SourceVersion "1"]
[SourceVersionDate "2017.06.22"]
[SourceQuality "1"]

1. e4 c5 2. Nf3 d6 3. Bb5+ Nd7 4. d4 cxd4 5. Qxd4 a6 6. Bxd7+ Bxd7 7. c4 e6 8. Nc3 Qc7 9. a4 Ne7 10. b3 Nc6 11. Qd2 Be7 12. Ba3 0-0 13. Rd1 Rfd8 14. Bxd6 Bxd6 15. Qxd6 Qa5 16. Qd2 Be8 17. Qb2 Rxd1+ 18. Kxd1 b5 19. cxb5 axb5 20. Nxb5 Rd8+ 21. Nd2 Nb4 22. Qc3 Bxb5 23. axb5 Qxb5 24. Qc4 Qb6 25. Ke2 Nd3 26. Qxd3 Rxd3 27. Kxd3 Qxf2 28. b4 Qxg2 29. Rb1 Qh3+ 30. Kc2 Qxh2 31. b5 Qc7+ 32. Kd3 Qd6+ 33. Kc3 Qe5+ 34. Kd3 Qg3+ 35. Ke2 Qh2+ 36. Ke3 Qg3+ 37. Ke2 Qh2+ 38. Ke3 Qg3+ 39. Ke2 Qc7 40. b6 Qb7 41. Rb4 h5 42. Nb3 Qe7 43. Rb5 Qd7 44. Rb4 Qd6 45. Rb5 Qc6 46. Rb4 Qc3 0-1

[Event "Asian Continental op 16th"]
[Site "Chengdu"]
[Date "2017.05.14"]
[Round "3"]
[White "Yeoh, Li Tian"]
[Black "Wang, Ting Hao"]
[Result "1-0"]
[WhiteElo "2470"]
[BlackElo "1652"]
[PlyCount "59"]
[EventDate "2017.05.12"]
[EventType "swiss"]
[EventRounds "9"]
[EventCountry "CHN"]
[SourceTitle "CBM 178 Extra"]
[Source "ChessBase"]
[SourceDate "2017.06.22"]
[SourceVersion "1"]
[SourceVersionDate "2017.06.22"]
[SourceQuality "1"]

1. Nf3 Nf6 2. g3 g6 3. Bg2 d5 4. c4 Bg7 5. cxd5 Nxd5 6. 0-0 0-0 7. d4 c6 8. Nc3 Nd7 9. Qc2 e5 10. Rd1 Nxc3 11. bxc3 Qa5 12. Bd2 Qa6 13. Bf1 exd4 14. cxd4 c5 15. Bc3 Nb8 16. dxc5 Qc4 17. Rac1 Bxc3 18. Qxc3 Qxa2 19. Ng5 Be6 20. Bg2 Nc6 21. Bxc6 bxc6 22. Ne4 f5 23. Nf6+ Rxf6 24. Qxf6 Bd5 25. Qe5 Bf7 26. Rb1 Qe6 27. Rb8+ Rxb8 28. Qxb8+ Kg7 29. Qb2+ Kf8 30. Qh8+ 1-0

[Event "Asian Continental op 16th"]
[Site "Chengdu"]
[Date "2017.05.13"]
[Round "2"]
[White "Wang, Ting Hao"]
[Black "Bai, Jinshi"]
[Result "0-1"]
[WhiteElo "1652"]
[BlackElo "2586"]
[PlyCount "80"]
[EventDate "2017.05.12"]
[EventType "swiss"]
[EventRounds "9"]
[EventCountry "CHN"]
[SourceTitle "CBM 178 Extra"]
[Source "ChessBase"]
[SourceDate "2017.06.22"]
[SourceVersion "1"]
[SourceVersionDate "2017.06.22"]
[SourceQuality "1"]

1. e4 c5 2. Nf3 e6 3. d4 cxd4 4. Nxd4 Nc6 5. Nc3 Qc7 6. Ndb5 Qb8 7. Be3 a6 8. Bb6 axb5 9. Nxb5 Bb4+ 10. c3 Ba5 11. Nc7+ Qxc7 12. Bxc7 Bxc7 13. Qg4 g6 14. Bb5 Nge7 15. 0-0 0-0 16. Qe2 d5 17. Rfd1 Ne5 18. a4 b6 19. b4 Bb7 20. f4 N5c6 21. e5 f6 22. exf6 Rxf6 23. g3 Kg7 24. Rab1 Nf5 25. g4 Nh4 26. Rf1 Raf8 27. Bxc6 Bxc6 28. g5 Rxf4 29. Qxe6 Bb7 30. Rxf4 Rxf4 31. Rf1 Nf3+ 32. Rxf3 Rxf3 33. Qe2 Rf5 34. Qe7+ Rf7 35. Qe3 Bc6 36. Qd4+ Kg8 37. b5 Bd7 38. Qxd5 Bh3 39. c4 Kf8 40. Qd3 Rf1+ 0-1

[Event "Bai Xue Cup"]
[Site "Ningbo"]
[Date "2017.04.30"]
[Round "6"]
[White "Wan, Minghan"]
[Black "Wang, Ting Hao"]
[Result "1/2-1/2"]
[WhiteElo "1778"]
[BlackElo "1652"]
[PlyCount "117"]
[EventDate "2017.04.29"]
[EventType "swiss"]
[EventRounds "7"]
[EventCountry "CHN"]
[SourceTitle "EXT 2018"]
[Source "ChessBase"]
[SourceDate "2017.10.13"]
[SourceVersion "1"]
[SourceVersionDate "2017.10.13"]
[SourceQuality "1"]

1. d4 Nf6 2. Nf3 e6 3. Bg5 Be7 4. Nbd2 d5 5. e3 h6 6. Bh4 b6 7. Bd3 Nbd7 8. c3 Bb7 9. 0-0 Ne4 10. Bxe7 Qxe7 11. Qc2 Nxd2 12. Qxd2 e5 13. dxe5 Nxe5 14. Nxe5 Qxe5 15. f4 Qe7 16. Rad1 0-0 17. Bc2 f5 18. Rfe1 c6 19. Qd3 Bc8 20. Qd4 Qf6 21. a4 Bd7 22. Ra1 Qxd4 23. exd4 Rfe8 24. Kf2 Kf7 25. a5 b5 26. b4 Rxe1 27. Rxe1 Re8 28. Re5 g6 29. h3 h5 30. Kg3 Kf6 31. Kh4 Rh8 32. Bd3 a6 33. Be2 Rh7 34. Bf3 Rh8 35. Be2 Rh7 36. Bd1 Rh8 37. Kg3 Re8 38. Kf3 h4 39. Be2 Re7 40. Ke3 Re8 41. Kf2 Re7 42. Bf3 Re8 43. g3 hxg3+ 44. Kxg3 Kg7 45. Kf2 Kf6 46. Kg3 Kg7 47. Bg2 Kh6 48. h4 Re6 49. Bf1 Re8 50. Bd3 Re6 51. Be2 Re8 52. Bf3 Re6 53. Kg2 Re8 54. Kh3 Re6 55. h5 Rxe5 56. dxe5 g5 57. Kg3 g4 58. Be2 Kxh5 59. Bd3 1/2-1/2

[Event "Bai Xue Cup"]
[Site "Ningbo"]
[Date "2017.04.30"]
[Round "5"]
[White "Wang, Ting Hao"]
[Black "Cai, Yuhao"]
[Result "1/2-1/2"]
[WhiteElo "1652"]
[BlackElo "2012"]
[PlyCount "52"]
[EventDate "2017.04.29"]
[EventType "swiss"]
[EventRounds "7"]
[EventCountry "CHN"]
[SourceTitle "EXT 2018"]
[Source "ChessBase"]
[SourceDate "2017.10.13"]
[SourceVersion "1"]
[SourceVersionDate "2017.10.13"]
[SourceQuality "1"]

1. e4 c5 2. Nf3 Nc6 3. Bb5 g6 4. 0-0 Bg7 5. c3 Nf6 6. Re1 0-0 7. d4 cxd4 8. cxd4 d5 9. e5 Ne8 10. Nc3 Nc7 11. Bxc6 bxc6 12. b3 Bg4 13. h3 Bxf3 14. Qxf3 Ne6 15. Qe3 Rc8 16. Na4 c5 17. Bb2 cxd4 18. Bxd4 Nxd4 19. Qxd4 e6 20. Qxa7 Qh4 21. Qe3 Rc2 22. Re2 Rfc8 23. Rae1 d4 24. Qd3 Rxe2 25. Rxe2 Qh5 26. Qe4 Ra8 1/2-1/2